| 000 | 00498cam a2200181ua 4500 | ||
|---|---|---|---|
| 020 |
_a81-85095-28-0 _cRs 48.00 |
||
| 041 |
_aeng _h |
||
| 082 |
_a519.72 _bSRI/LI |
||
| 100 | _aSrinath, L S . | ||
| 245 |
_aLinear programming: Principles and applications / _cL S Srinath. _hTextual Documents |
||
| 250 |
_a2 / _b. |
||
| 260 |
_aNew Delhi : _bAffiliated East West Press Pvt Ltd , _c1982. |
||
| 300 | _a202 ; . | ||
| 365 | _aRs 48.00 | ||
| 504 | _a | ||
| 942 | _cBK | ||
| 999 |
_c1971 _d1971 |
||